Statistics for Milwaukee Brewers Nicknames

Click here to take the quiz!

General Stats

  • This quiz has been taken 536 times
    (125 since last reset)
  • The average score is 5 of 9

Answer Stats

NicknameTenurePlayer% Correct
The Kid / The Boy Wonder1974–1993Robin Yount
86%
The Hebrew Hammer2007–2020Ryan Braun
83%
The Ignitor1978–1992Paul Molitor
79%
Coop1977–1987Cecil Cooper
78%
Woody2017–Brandon Woodruff
58%
Stormin' Gorman1973–1983Gorman Thomas
53%
Go-Go2010–2015Carlos Gómez
37%
Wicho2020–Luis Urías
33%
Gumby1976–1992Jim Gantner
24%

Score Distribution

Percentile by Number Answered

Percent of People with Each Score

Your Score History

You have not taken this quiz since the last reset